[Event "Lima Santisimo Nombre de Jesus 1"]
[Site "Lima"]
[Date "2014.03.15"]
[Round "6"]
[White "Tacuche, Fernando"]
[Black "Ayala Malabrigo, Ricardo"]
[Result "1-0"]
[WhiteElo "2031"]
[BlackElo "1795"]
[PlyCount "49"]
[EventDate "2014.03.08"]
[EventType "swiss"]
[EventRounds "8"]
[EventCountry "PER"]
[SourceTitle "EXT 2024"]
[Source "ChessBase"]
[SourceDate "2023.10.10"]
[SourceVersion "1"]
[SourceVersionDate "2023.10.10"]
[SourceQuality "1"]

1. e4 c5 2. Nf3 Nc6 3. d4 cxd4 4. Nxd4 g6 5. Nc3 Bg7 6. Be3 Nf6 7. Bc4 Qa5 8. 0-0 Qb4 9. Bb3 Nxe4 10. a3 Nxc3 11. Qf3 Ne5 12. axb4 Nxf3+ 13. Nxf3 Ne2+ 14. Kh1 Bxb2 15. Rae1 Nc3 16. Bd4 0-0 17. Re3 b6 18. Bxc3 Bxc3 19. Rxc3 Ba6 20. Ra1 Rfc8 21. Rxc8+ Bxc8 22. Bd5 Rb8 23. Rxa7 e6 24. Ra8 Rxa8 25. Bxa8 1-0

[Event "Lima Santisimo Nombre de Jesus 6"]
[Site "Lima"]
[Date "2013.11.22"]
[Round "5"]
[White "Hilario Huaranca, Aleyla Karen"]
[Black "Ayala Malabrigo, Ricardo"]
[Result "1/2-1/2"]
[WhiteElo "1576"]
[BlackElo "1793"]
[PlyCount "46"]
[EventDate "2013.11.18"]
[EventType "swiss"]
[EventRounds "8"]
[EventCountry "PER"]
[SourceTitle "EXT 2024"]
[Source "ChessBase"]
[SourceDate "2023.10.10"]
[SourceVersion "1"]
[SourceVersionDate "2023.10.10"]
[SourceQuality "1"]

1. d4 Nf6 2. Nf3 g6 3. g3 Bg7 4. Bg2 d6 5. c4 0-0 6. Nc3 Nc6 7. 0-0 Bg4 8. d5 Bxf3 9. Bxf3 Ne5 10. Qb3 Nxf3+ 11. exf3 Rb8 12. Be3 a6 13. Ba7 Ra8 14. Qxb7 Nd7 15. Be3 Ne5 16. c5 Nxf3+ 17. Kg2 Qd7 18. cxd6 Nh4+ 19. gxh4 Qg4+ 20. Kh1 Qf3+ 21. Kg1 Qg4+ 22. Kh1 Qf3+ 23. Kg1 Qg4+ 1/2-1/2

[Event "Lima Santisimo Nombre de Jesus 6"]
[Site "Lima"]
[Date "2013.11.20"]
[Round "4"]
[White "Ayala Malabrigo, Ricardo"]
[Black "Cosme Contreras, Trilce"]
[Result "0-1"]
[WhiteElo "1793"]
[BlackElo "1619"]
[PlyCount "90"]
[EventDate "2013.11.18"]
[EventType "swiss"]
[EventRounds "8"]
[EventCountry "PER"]
[SourceTitle "EXT 2024"]
[Source "ChessBase"]
[SourceDate "2023.10.10"]
[SourceVersion "1"]
[SourceVersionDate "2023.10.10"]
[SourceQuality "1"]

1. e4 c5 2. Nf3 d6 3. d4 cxd4 4. Nxd4 Nf6 5. Nc3 a6 6. Bc4 e6 7. Bb3 b5 8. 0-0 Be7 9. Qf3 Qc7 10. Qg3 0-0 11. f3 Nc6 12. Nce2 a5 13. Nxc6 Qxc6 14. a4 b4 15. Kh1 Ba6 16. Qf2 Rfc8 17. Nd4 Qd7 18. Be3 Bxf1 19. Qxf1 d5 20. e5 Ne8 21. Rd1 Bc5 22. Qf2 Bxd4 23. Rxd4 f5 24. g4 fxg4 25. Rxg4 g6 26. h4 Ng7 27. Bg5 Rf8 28. Kg2 Rf5 29. Qd4 Raf8 30. f4 Qc7 31. Qd2 Qf7 32. Bh6 Rh5 33. Bxg7 Kxg7 34. Kg3 Rf5 35. h5 Rxh5 36. c3 bxc3 37. bxc3 Qb7 38. Bc2 Qb2 39. Qd3 Rhf5 40. Kh3 Rc8 41. Rg3 Rc4 42. Bd1 Rfxf4 43. Be2 Rxa4 44. Qe3 Rh4+ 45. Kg2 Rae4 0-1

[Event "Lima Santisimo Nombre de Jesus 3"]
[Site "Lima"]
[Date "2012.06.19"]
[Round "?"]
[White "Ayala Malabrigo, Ricardo"]
[Black "Strohmeier, Luis"]
[Result "1-0"]
[WhiteElo "1834"]
[BlackElo "1639"]
[PlyCount "59"]
[EventDate "2012.06.19"]
[EventType "swiss"]
[EventRounds "8"]
[EventCountry "PER"]
[SourceTitle "EXT 2024"]
[Source "ChessBase"]
[SourceDate "2023.10.10"]
[SourceVersion "1"]
[SourceVersionDate "2023.10.10"]
[SourceQuality "1"]

1. e4 c5 2. Nf3 d6 3. d4 cxd4 4. Nxd4 Nf6 5. Nc3 a6 6. Be2 e5 7. Nb3 h6 8. Be3 Be6 9. f3 Be7 10. Qd2 Qc7 11. 0-0 Nbd7 12. f4 Rc8 13. f5 Bc4 14. Rad1 Bxe2 15. Qxe2 b5 16. a3 Nb6 17. Nd2 d5 18. exd5 Nbxd5 19. Nde4 Nxe3 20. Qxe3 Ng4 21. Qg3 Qa7+ 22. Kh1 Ne3 23. Qxg7 Rf8 24. Qxe5 f6 25. Nd6+ Kd8 26. Ndxb5+ Ke8 27. Nxa7 fxe5 28. Nxc8 Nxf1 29. Rxf1 Bc5 30. Ne4 1-0

[Event "Lima Santisimo Nombre de Jesus 2"]
[Site "Lima"]
[Date "2012.05.16"]
[Round "8"]
[White "Ayala Malabrigo, Ricardo"]
[Black "Endara, Eric"]
[Result "1-0"]
[WhiteElo "1834"]
[BlackElo "1640"]
[PlyCount "55"]
[EventDate "2012.05.12"]
[EventType "swiss"]
[EventRounds "8"]
[EventCountry "PER"]
[SourceTitle "EXT 2024"]
[Source "ChessBase"]
[SourceDate "2023.10.10"]
[SourceVersion "1"]
[SourceVersionDate "2023.10.10"]
[SourceQuality "1"]

1. e4 c5 2. Nf3 d6 3. d4 cxd4 4. Nxd4 Nf6 5. Nc3 a6 6. Bg5 e6 7. f4 Be7 8. Qf3 Qc7 9. 0-0-0 Nbd7 10. Bd3 b5 11. Rhe1 Bb7 12. Nd5 Nxd5 13. exd5 Bxd5 14. Qxd5 exd5 15. Rxe7+ Kf8 16. Bf5 Re8 17. Rde1 Rxe7 18. Rxe7 Qa5 19. Bxd7 f6 20. Bh4 Kxe7 21. Nc6+ Kxd7 22. Nxa5 Re8 23. Nb3 Re2 24. Nd4 Rxg2 25. Bg3 h5 26. Nf3 Kc6 27. Kd1 Kc5 28. Ne1 1-0